Statistics for Best Songs of 2014

Click here to take the quiz!

General Stats

  • This quiz has been taken 73 times
  • The average score is 6 of 41

Answer Stats

Song Artist % Correct
ChandelierSia
79%
Drunk in LoveBeyoncé
71%
***Flawless (Remix)Beyoncé
69%
Blank SpaceTaylor Swift
68%
Stay with MeSam Smith
65%
Turn Down for WhatDJ Snake
54%
Club Goin Up on a TuesdayiLoveMakonnen
37%
0 to 100 / The Catch UpDrake
37%
Never Catch MeFlying Lotus
29%
iKendrick Lamar
29%
Love Never Felt So GoodMichael Jackson
16%
Move That DopeFuture
10%
Two WeeksFKA twigs
9%
Blue Moon + Waking LightBeck
6%
Close Your Eyes (And Count to F***)Run the Jewels
6%
OutsideFoo Fighters
4%
Can't Do Without YouCaribou
4%
Birth in ReverseSt. Vincent
4%
QueenPerfume Genius
4%
Archie, Marry MeAlvvays
3%
Avant GardenerCourtney Barnett
3%
Red Eyes + Under the PressureThe War on Drugs
3%
Every Breaking WaveU2
3%
No Black Person Is UglyLil B
3%
Johnny and MaryTodd Terje
3%
Seasons (Waiting on You)Future Islands
3%
Hi-FiveAngel Olsen
1%
Stranger to My HappinessSharon Jones
1%
Frankie Fell in LoveBruce Springsteen
1%
Every Time the Sun Comes UpSharon Van Etten
1%
On the RegularShamir
1%
Hey QTQT
1%
GoGrimes
1%
Just One of the GuysJenny Lewis
1%
Rainy TaxiSpoon
0%
Slow MotionPHOX
0%
War on the East CoastThe New Pornogrphers
0%
Divisionary (Do the Right Thing)Ages and Ages
0%
Hey MamiSylvan Esso
0%
17 New YearsPolyenso
0%
True LoveTobias Jesso Jr.
0%

Score Distribution

Percentile by Number Answered

Percent of People with Each Score

Your Score History

You have not taken this quiz